Infinite loop spaces /

Guardado en:
Autor Principal: Adams, J. Frank
Formato: Libro
Idioma:English
Publicado: Princeton, N.J. : Princeton University Press : University of Tokyo Press, 1978.
Series:Annals of mathematics studies ; no. 90
Hermann Weyl lectures
Materias:
Acceso en línea:Google Book Search
Etiquetas: Agregar Etiqueta
Sin Etiquetas, Sea el primero en etiquetar este registro!
LEADER 00888cam a2200253 a 4500
001 MAT.inmabb004343
008 780322s1978####njua#####b####001#0#eng##
005 20151112163532.0
245 1 0 |a Infinite loop spaces /  |c by J. F. Adams. 
260 |a Princeton, N.J. :  |b Princeton University Press :  |b University of Tokyo Press,  |c 1978. 
300 |a x, 214 p. :  |b il. ;  |c 25 cm. 
440 0 |a Annals of mathematics studies ;  |v no. 90 
440 0 |a Hermann Weyl lectures 
504 |a Bibliografía: p. 197-209. 
510 4 |a MR,  |c 80d:55001 
020 |a 0691082073 
020 |a 0691082065 (pbk.) 
100 1 |a Adams, J. Frank  |q (John Frank) 
650 0 |a Infinite loop spaces. 
084 |a 55-02 (55N20 55P47)  |2 msc2000 
010 |a  78051152  
040 |a DLC  |c DLC  |d DLC 
856 4 |u http://books.google.com/books?vid=ISBN0691082065  |y Google Book Search 
859 |h 55  |i Ad211  |p A-5512  |b BIB. MATEMATICA